|
|
|
|
| LEADER |
00000naa0a2200000 4500 |
| 001 |
594169 |
| 005 |
20250203135805.0 |
| 035 |
|
|
|a (RuTPU)RU\TPU\tpu\8557
|
| 090 |
|
|
|a 594169
|
| 100 |
|
|
|a 20020515d1986 k y0rusy50 ca
|
| 101 |
0 |
|
|a rus
|
| 102 |
|
|
|a RU
|
| 200 |
1 |
|
|a Повышение эффективности перемешивания влажных дипресных шихт с малыми добавками влагоемких компонентов.
|f В. М. Витюгин [и др.]
|
| 300 |
|
|
|a Деп. в ОНИИТЭХИМ, г. Черкассы, 18.07.86, № 897-ХП-86.
|
| 463 |
|
|
|t Методы исследования в химии и химической технологии
|o материалы научно-практической конференции
|o секция "Процессы, машины и аппараты химических производств"
|d 1986
|
| 610 |
1 |
|
|a труды учёных ТПУ
|
| 701 |
|
1 |
|a Витюгин
|b В. М.
|c доктор технических наук
|c ХТФ
|f 1927-
|3 (RuTPU)RU\TPU\pers\3448
|
| 701 |
|
1 |
|a Иванов
|b Н. С.
|c ХТФ
|f 1950-
|3 (RuTPU)RU\TPU\pers\3449
|
| 701 |
|
1 |
|a Вергун
|b Г. Г.
|c кандидат технических наук
|c ХТФ
|f 1937-
|3 (RuTPU)RU\TPU\pers\3452
|
| 701 |
|
1 |
|a Рахимова
|b Д. В.
|c ХТФ
|3 (RuTPU)RU\TPU\pers\3453
|
| 801 |
|
1 |
|a RU
|b 63413507
|c 20020515
|g PSBO
|
| 801 |
|
2 |
|a RU
|b 63413507
|c 20100126
|g PSBO
|
| 942 |
|
|
|c BK
|